DOKBAT 2021 17th Annual International Bata Conference for Ph.D. Students and Young Researchers

Gespeichert in:
Bibliographische Detailangaben
Körperschaft: DOKBAT 2021. Annual International Bata Conference for Ph.D. Students and Young Researchers
Weitere Verfasser: Fafílek, Michael
Format: Buch
Sprache:Englisch
Veröffentlicht: Zlín Tomas Bata University in Zlín, Faculty of Management and Economics 2021
Ausgabe:1st Edition
Schlagworte:
Tags: Tag hinzufügen
Keine Tags, Fügen Sie das erste Tag hinzu!

MARC

LEADER 00000nlm a2200000 4500
001 0278859
005 20240822101717.1
020 |a 978-80-7678-025-5 
041 0 |a eng 
044 |a CZ 
245 1 0 |a DOKBAT 2021  |b 17th Annual International Bata Conference for Ph.D. Students and Young Researchers  |c Edited by: Michael Fafílek 
250 |a 1st Edition 
264 1 |a Zlín  |b Tomas Bata University in Zlín, Faculty of Management and Economics  |c 2021 
300 |a 607 s. 
610 2 0 |a riadenie ľudských zdrojov 
610 2 0 |a výkonnosť inovačná 
610 2 0 |a podnik malý 
610 2 0 |a podnik stredný 
700 1 |a Fafílek, Michael 
110 2 |a DOKBAT 2021. Annual International Bata Conference for Ph.D. Students and Young Researchers